Cut Short Quiz Stats

Quiz Updated Apr 6, 2016

Challenge
Share
Tweet
Embed
Score 0/65 Timer 06:00
7 Plays Today
% Correct
United States
93.4%
Israel
88.3%
Iran
74.6%
Iraq
74.4%
Egypt
73%
Saudi Arabia
67.9%
Pakistan
65.4%
Afghanistan
64.7%
Turkey
63.3%
Yemen
60.8%
Jordan
60.5%
United Arab Emirates
59.1%
Morocco
59.1%
Oman
58.9%
Libya
58.7%
Syria
58.5%
Algeria
57.6%
Niger
54.2%
Lebanon
54.1%
Australia
52.5%
Kenya
51.3%
Kuwait
50.9%
Qatar
50.4%
Ethiopia
50.3%
Tunisia
49.3%
Turkmenistan
49%
Somalia
48.9%
Uzbekistan
48.5%
Kazakhstan
48.2%
Indonesia
47.6%
Palestine
46.2%
Mali
43.9%
Tajikistan
43.2%
% Correct
Azerbaijan
42.5%
Kyrgyzstan
42.2%
Bahrain
42.1%
Eritrea
40.7%
Ghana
40.6%
Dem. Rep. of Congo
40.5%
Djibouti
38%
Liberia
36.3%
Albania
36%
Tanzania
35.6%
Angola
35.3%
Malaysia
35.2%
Mauritania
35%
Central African Republic
34.8%
Senegal
34.1%
Cameroon
34.1%
Guinea
33.7%
Bangladesh
32.9%
Republic of Congo
32.6%
Benin
31.9%
The Gambia
30.7%
Gabon
28.3%
Philippines
28.3%
Sierra Leone
28%
Burkina Faso
28%
Mozambique
27.8%
Equatorial Guinea
25.7%
Brunei
23.4%
South Korea
22.5%
Comoros
21.2%
Maldives
20.3%
Kosovo
19.4%

You're not logged in!

Compare scores with friends on all Sporcle quizzes.
Join for Free
OR
Log In

You Might Also Like...

Show Comments

Extras

Top Quizzes Today


Score Distribution

Your Account Isn't Verified!

In order to create a playlist on Sporcle, you need to verify the email address you used during registration. Go to your Sporcle Settings to finish the process.

Report this User

Report this user for behavior that violates our Community Guidelines.

Details: